Countries by Countries #2 - Statistics

General Stats
  • This quiz has been taken 33 times
  • The average score is 7 of 20
Answer Stats
Trait Countries Country % Correct
Starts with H Haiti, Hungary Honduras
93%
In the Levant Cyprus, Israel, Lebanon, Syria Jordan
89%
Borders Sea of Japan North Korea, Russia, South Korea Japan
56%
Contained the Mayan civilization Belize, El Salvador, Honduras, Mexico Guatemala
52%
Speaks Swahili Kenya, Rwanda, Uganda Tanzania
48%
Begins with "Saint" Saint Kitts and Nevis, Saint Lucia, Saint Vincent and the Grenadines, San Marino São Tomé and Príncipe
41%
On the Niger River Benin, Guinea, Mali, Nigeria Niger
37%
Has multiple World Cup titles Argentina, Brazil, Germany, Italy, Uruguay France
33%
Portuguese colony in Africa Angola, Cape Verde, Guinea-Bissau, São Tomé and Príncipe Mozambique
30%
African country with a megacity Democratic Republic of the Congo, Egypt, South Africa Nigeria
30%
Danube passes through Capital Hungary, Serbia, Slovakia Austria
26%
Four-letter Asian country Iran, Iraq, Laos Oman
26%
Same name as capital Djibouti, Luxembourg, Monaco, San Marino, Vatican City Singapore
26%
Equally-divided bi-color flag Monaco, Poland, Ukraine Indonesia
22%
Borders Switzerland Austria, France, Germany, Italy Liechtenstein
22%
Had a Wonder of the Ancient World Greece, Iraq, Turkey Egypt
11%
Capital starts with R Dominica, Italy, Latvia, Morocco, Saudi Arabia Iceland
11%
Has more than 100 million Christians Brazil, Mexico, Philippines, Russia United States
7%
Flag with 10+ Stars Cape Verde, Dominica, United States, Uzbekistan Brazil
4%
Ends in "ica" Costa Rica, Dominica, South Africa Jamaica
4%
No matching quizzes found
Score Distribution
Percent of People with Each Score
Percentile by Number Answered
Your Score History
You have not taken this quiz